Media politics : (Record no. 9475)
[ view plain ]
| 000 -LEADER | |
|---|---|
| fixed length control field | 00829nam a22002412 4500 |
| 001 - CONTROL NUMBER | |
| control field | 0000020715 |
| 005 - DATE AND TIME OF LATEST TRANSACTION | |
| control field | 20151217152220.0 |
| 008 - FIXED-LENGTH DATA ELEMENTS--GENERAL INFORMATION | |
| fixed length control field | 111005s xx 000 0 eng d |
| 020 ## - INTERNATIONAL STANDARD BOOK NUMBER | |
| International Standard Book Number | 0393928198 : |
| 040 ## - CATALOGING SOURCE | |
| Original cataloging agency | KABU |
| Transcribing agency | KABU |
| 100 1# - MAIN ENTRY--PERSONAL NAME | |
| Personal name | Iyengar, Shanto. |
| -- | 0000181234 |
| 245 10 - TITLE STATEMENT | |
| Title | Media politics : |
| Remainder of title | a citizen's guide / |
| Statement of responsibility, etc. | Shanto Iyengar, Jennifer McGrady. |
| 250 ## - EDITION STATEMENT | |
| Edition statement | 1st ed. |
| 260 ## - PUBLICATION, DISTRIBUTION, ETC. (IMPRINT) | |
| Place of publication, distribution, etc. | New York : |
| Name of publisher, distributor, etc. | W. W. Norton, |
| Date of publication, distribution, etc. | 2007. |
| 300 ## - PHYSICAL DESCRIPTION | |
| Extent | xx, 361 p. + |
| Accompanying material | 1 CD-ROM. |
| 650 #0 - SUBJECT ADDED ENTRY--TOPICAL TERM | |
| Topical term or geographic name as entry element | Mass media |
| General subdivision | Political aspects |
| Geographic subdivision | United States. |
| -- | 0000181235 |
| 650 #0 - SUBJECT ADDED ENTRY--TOPICAL TERM | |
| Topical term or geographic name as entry element | Press and politics |
| Geographic subdivision | United States. |
| -- | 0000181236 |
| 651 #0 - SUBJECT ADDED ENTRY--GEOGRAPHIC NAME | |
| Geographic name | United States |
| General subdivision | politics and government. |
| -- | 0000153174 |
| 700 1# - ADDED ENTRY--PERSONAL NAME | |
| Personal name | McGrady, Jennifer. |
| -- | 0000181237 |
| 852 1# - LOCATION | |
| -- | p3410 KES |
| 908 ## - PUT COMMAND PARAMETER (RLIN) | |
| Put command parameter | 111005 |
| 950 ## - LOCAL HOLDINGS (RLIN) | |
| -- | 1 |
| Withdrawn status | Lost status | Source of classification or shelving scheme | Not for loan | Home library | Current library | Date acquired | Total Checkouts | Full call number | Barcode | Date last seen | Date last checked out | Price effective from | Koha item type |
|---|---|---|---|---|---|---|---|---|---|---|---|---|---|
| Library of Congress Classification | Kabarak, Main Campus | Kabarak, Main Campus | 17/12/2015 | 3 | P95.82 .U6I94 2007 c. 1 | 19337 | 02/03/2021 | 18/02/2021 | 17/12/2015 | General Collection |